000 00457nam a22001937a 4500
003 MPLRDC
005 20220104143911.0
008 210129b ||||| |||| 00| 0 eng d
020 _a962-7766-78-x
082 _a857.621 NK-48 v.6
100 _a原振侠
245 _a妖气
_c
250 _a初版
260 _a
_b利文
_c1995
300 _b
490 _a原振侠新传奇系列. 06
650 _a科幻小说
942 _cBK
_o857.621 NK-48 v.6
999 _c44457
_d44447